[Event "Ruhrgebiet Verbandsliga2 1011"]
[Site "Nordrheinwestfalen"]
[Date "2011.02.06"]
[Round "6.8"]
[White "Rickert, Dirk"]
[Black "Kotulla, Guenter"]
[Result "1-0"]
[WhiteElo "1840"]
[BlackElo "1799"]
[PlyCount "87"]
[EventDate "2010.09.12"]
[EventType "team-tourn"]
[EventRounds "9"]
[EventCountry "GER"]
[SourceTitle "EXT 2020"]
[Source "ChessBase"]
[SourceDate "2019.10.17"]
[SourceVersion "1"]
[SourceVersionDate "2019.10.17"]
[SourceQuality "1"]
[WhiteTeam "Gladbeck SG"]
[BlackTeam "Wattenscheid SV IV"]
[WhiteTeamCountry "GER"]
[BlackTeamCountry "GER"]

1. d4 d5 2. c4 e5 3. dxe5 d4 4. a3 Nc6 5. Nf3 Nge7 6. e3 Nf5 7. e4 Nh4 8. Bf4 Ng6 9. Bg3 Bg4 10. Nbd2 Qe7 11. Qa4 0-0-0 12. 0-0-0 a6 13. Kb1 Ngxe5 14. Rc1 g5 15. Ne1 Bg7 16. f3 Be6 17. Nd3 f5 18. Be2 fxe4 19. fxe4 Nxd3 20. Bxd3 Ne5 21. Qc2 Rhf8 22. c5 Nc6 23. Qa4 Bd7 24. Bxa6 Ne5 25. Bb5 Bxb5 26. Qxb5 Rf6 27. Rhe1 Ra6 28. h3 Qe6 29. Rf1 g4 30. Rf5 gxh3 31. gxh3 Nc6 32. Rcf1 Bh6 33. Rf7 Rd7 34. Rxd7 Kxd7 35. Qe2 Bxd2 36. Qxd2 Qxe4+ 37. Kc1 Ne7 38. Re1 Qd5 39. Qf4 Rc6 40. Qg4+ Kd8 41. Bh4 Qxc5+ 42. Kb1 d3 43. Bxe7+ Qxe7 44. Qg8+ 1-0